| 000 | 00449nam a2200169Ia 4500 | ||
|---|---|---|---|
| 008 | 230524s9999 xx 000 0 und d | ||
| 020 | _a9788177582062 | ||
| 082 |
_a658.45 _bGRE |
||
| 100 | _aCharles R.Greer | ||
| 245 | 0 | _aStrategic Human Resource Management: A General Managerial Approach | |
| 250 | _a2ND | ||
| 260 |
_aNEW DELHI _bPearson _c2009 |
||
| 300 | _aXXIV;368 | ||
| 500 | _aQuantity Number: 5 | ||
| 650 | _aManagement | ||
| 942 | _cBK | ||
| 999 |
_c47450 _d47450 |
||